[Event "1. Bundesliga 2010/2011"]
[Site "Graz"]
[Date "2011.01.21"]
[Round "5"]
[Board "3"]
[White "Hausner, Ivan"]
[Black "Hera, Imre"]
[Result "0-1"]
[WhiteElo "2430"]
[BlackElo "2565"]
[PlyCount "76"]
[EventDate "2010.11.19"]
[EventType "team"]
[EventRounds "11"]
[EventCountry "AUT"]
[WhiteTeam "Mayrhofen/Zillertal"]
[BlackTeam "SK Sparkasse Fuerstenfeld"]

1.c4 e6 2.g3 d5 3.Bg2 Nf6 4.Nf3 dxc4 5.Qa4+ c6 6.Qxc4 b5 7.Qc2 Bb7 8.d4 Nbd7
9.Nc3 a6 10.Be3 Rc8 11.Ne4 Nxe4 12.Qxe4 Nf6 13.Qd3 c5 14.O-O c4 15.Qc2 Be7
16.Rad1 Be4 17.Qd2 O-O 18.Ne1 Bxg2 19.Nxg2 c3 20.bxc3 Ne4 21.Qb2 Nxc3 22.Rd2 Qa5
23.Rc2 Rc4 24.Nf4 Rfc8 25.Qb3 Qd8 26.Nd3 Bf6 27.Ne5 Bxe5 28.dxe5 Qd5 29.Qa3 Qe4
30.Rd2 Nb1 31.Qxa6 Nxd2 32.Bxd2 Qxe5 33.Be3 h5 34.Rb1 h4 35.Qb7 h3 36.Qf3 Qb2
37.Re1 Qxa2 38.Qh5 b4

[Event "1. Bundesliga 2010/2011"]
[Site "Graz"]
[Date "2011.01.21"]
[Round "5"]
[Board "4"]
[White "Rapport, Richard"]
[Black "Platzgummer, Fabian"]
[Result "1-0"]
[WhiteElo "2540"]
[BlackElo "2311"]
[PlyCount "99"]
[EventDate "2010.11.19"]
[EventType "team"]
[EventRounds "11"]
[EventCountry "AUT"]
[WhiteTeam "SK Sparkasse Fuerstenfeld"]
[BlackTeam "Mayrhofen/Zillertal"]

1.Nf3 d5 2.c4 dxc4 3.e3 Be6 4.Na3 Nf6 5.Nxc4 c5 6.b3 g6 7.Bb2 Bg7 8.Be2 O-O
9.O-O Nc6 10.a3 Na5 11.Nxa5 Qxa5 12.b4 cxb4 13.Nd4 Bd5 14.axb4 Qb6 15.Nb5 Nd7
16.Bxg7 Kxg7 17.Nc3 Be6 18.Qb1 Rfc8 19.Qb2 f6 20.d4 Bc4 21.Rfc1 Bxe2 22.Nxe2
Rxc1+ 23.Rxc1 a5 24.Nf4 Qxb4 25.Qa2 Rc8 26.Rb1 b6 27.h4 Qc4 28.Qa3 Kf7 29.Nd3
Qc3 30.Qa2+ Qc4 31.Qa3 b5 32.Ra1 Qc3 33.Qa2+ Qc4 34.Qe2 a4 35.h5 Qc2 36.Qf1 Rc3
37.Nf4 Rc4 38.hxg6+ hxg6 39.g3 g5 40.Nd3 Qd2 41.Rd1 Qa5 42.Qg2 Rc7 43.Qe4 a3
44.Qh7+ Kf8 45.Kg2 a2 46.Ra1 b4 47.e4 b3 48.d5 e5 49.d6 Ra7 50.Qg6

[Event "1. Bundesliga 2010/2011"]
[Site "Graz"]
[Date "2011.01.21"]
[Round "5"]
[Board "5"]
[White "Kleissl, Helmut"]
[Black "Pinter, Jozsef"]
[Result "1/2-1/2"]
[WhiteElo "2300"]
[BlackElo "2521"]
[PlyCount "96"]
[EventDate "2010.11.19"]
[EventType "team"]
[EventRounds "11"]
[EventCountry "AUT"]
[WhiteTeam "Mayrhofen/Zillertal"]
[BlackTeam "SK Sparkasse Fuerstenfeld"]

1.Nf3 Nf6 2.c4 c5 3.Nc3 Nc6 4.d4 cxd4 5.Nxd4 Qb6 6.Nc2 e6 7.e4 Bc5 8.Qe2 d6 9.g3
Bd7 10.Bg2 Rc8 11.O-O Nd4 12.Nxd4 Bxd4 13.Nb5 Bxb5 14.cxb5 O-O 15.Bf4 h6 16.Rad1
e5 17.Bc1 Rc5 18.a4 Qc7 19.Qf3 Qe7 20.Be3 Bxe3 21.Qxe3 b6 22.Rd2 Rfc8 23.Rfd1
Ne8 24.Bh3 R8c7 25.Bf1 Rc2 26.Qd3 Rxd2 27.Qxd2 Qe6 28.Rc1 Kf8 29.Rxc7 Nxc7
30.Qc3 Qd7 31.Bh3 Ne6 32.Bxe6 fxe6 33.f4 exf4 34.gxf4 d5 35.e5 Kf7 36.Qc6 Qe7
37.Kg2 g5 38.f5 exf5 39.Qxd5+ Kg7 40.b4 Qc7 41.Qe6 Qf7 42.Qd6 Qa2+ 43.Kg1 Qb1+
44.Kf2 Qc2+ 45.Kg1 Qc1+ 46.Kg2 Qc2+ 47.Kg1 Qc1+ 48.Kg2 Qc2+

[Event "1. Bundesliga 2010/2011"]
[Site "Graz"]
[Date "2011.01.21"]
[Round "5"]
[Board "6"]
[White "Kilgus, Georg"]
[Black "Tabernig, Bernhard"]
[Result "1/2-1/2"]
[WhiteElo "2375"]
[BlackElo "2300"]
[PlyCount "146"]
[EventDate "2010.11.19"]
[EventType "team"]
[EventRounds "11"]
[EventCountry "AUT"]
[WhiteTeam "SK Sparkasse Fuerstenfeld"]
[BlackTeam "Mayrhofen/Zillertal"]

1.c4 e6 2.g3 d5 3.Bg2 dxc4 4.Na3 Bxa3 5.bxa3 c6 6.Bb2 Nf6 7.Nf3 b5 8.Ne5 Bb7
9.O-O O-O 10.d3 cxd3 11.Nxd3 Nbd7 12.Rc1 Qb6 13.e3 Rfd8 14.Qe2 a5 15.Bd4 Qc7
16.Qb2 Rac8 17.Rc2 Qd6 18.Rfc1 Ne8 19.a4 b4 20.Nc5 Ba8 21.f4 Nb6 22.a3 Nd5
23.axb4 Nxb4 24.Rc3 Nc7 25.Bxg7 Qd2 26.Qxd2 Rxd2 27.Bd4 Na2 28.R3c2 Rxg2+
29.Kxg2 Nxc1 30.Rxc1 Nd5 31.Nb3 Rb8 32.Nc5 Rb4 33.Kf3 Nb6 34.Bc3 Rc4 35.Bd2 Rxc1
36.Bxc1 Kf8 37.Ke4 Ke7 38.Kd4 Kd6 39.Bd2 f6 40.Ne4+ Ke7 41.Bxa5 Nxa4 42.Bb4+ c5+
43.Bxc5+ Nxc5 44.Nxc5 Bc6 45.e4 Be8 46.e5 f5 47.Kc4 Bc6 48.Na6 Bf3 49.Kc5 Kd7
50.Kb6 Bd5 51.Nc7 Bf3 52.Nb5 Bd5 53.Nd6 Bf3 54.Nf7 Bh5 55.Nh6 Bf3 56.h3 Bg2
57.g4 Bxh3 58.g5 Ke7 59.Kc7 Bf1 60.Ng8+ Kf7 61.Nf6 Kg6 62.Kd6 Bc4 63.Nd7 h5
64.gxh6 Kxh6 65.Nc5 Kh5 66.Nxe6 Kg4 67.Ke7 Ba2 68.Kf6 Bc4 69.Nd4 Kxf4 70.Nxf5
Ba2 71.Ne7 Ke4 72.Ng6 Kd4 73.e6 Bxe6

[Event "1. Bundesliga 2010/2011"]
[Site "Graz"]
[Date "2011.01.21"]
[Round "5"]
[Board "1"]
[White "Farago, Ivan"]
[Black "Rozentalis, Eduardas"]
[Result "0-1"]
[WhiteElo "2448"]
[BlackElo "2592"]
[PlyCount "90"]
[EventDate "2010.11.19"]
[EventType "team"]
[EventRounds "11"]
[EventCountry "AUT"]
[WhiteTeam "ASVOE VHS Poechlarn"]
[BlackTeam "SK Hohenems"]

1.d4 Nf6 2.c4 e6 3.Nf3 d5 4.Nc3 Bb4 5.Bg5 Nbd7 6.cxd5 exd5 7.Qa4 Bxc3+ 8.bxc3
O-O 9.e3 c5 10.dxc5 Nxc5 11.Qh4 Nce4 12.Bxf6 Nxf6 13.Bd3 Qc7 14.Rc1 Bd7 15.O-O
b5 16.Nd4 a6 17.f3 Rfe8 18.Rfe1 Rac8 19.Rc2 Qb6 20.g4 g6 21.Qg3 Re7 22.Qf4 Ne8
23.Rb1 Qc5 24.Kf2 Ng7 25.Nb3 Qa7 26.Nd4 Rce8 27.Re1 Qb6 28.Rce2 Re5 29.e4 Qc7
30.Rc1 Ne6 31.Nxe6 R8xe6 32.Qg3 Qc5+ 33.Kg2 Bc6 34.Qf2 dxe4 35.Bxe4 Bxe4 36.Qxc5
Bxf3+ 37.Kxf3 Rxc5 38.Rxe6 fxe6 39.Rd1 Kf7 40.Rd7+ Kf6 41.Rxh7 Rxc3+ 42.Kf4 g5+
43.Ke4 Rc4+ 44.Kf3 Rf4+ 45.Kg3 Ra4

[Event "1. Bundesliga 2010/2011"]
[Site "Graz"]
[Date "2011.01.21"]
[Round "5"]
[Board "2"]
[White "Naumann, Alexander"]
[Black "Tuncer, Ufuk"]
[Result "1/2-1/2"]
[WhiteElo "2544"]
[BlackElo "2289"]
[PlyCount "148"]
[EventDate "2010.11.19"]
[EventType "team"]
[EventRounds "11"]
[EventCountry "AUT"]
[WhiteTeam "SK Hohenems"]
[BlackTeam "ASVOE VHS Poechlarn"]

1.d4 Nf6 2.c4 g6 3.g3 Bg7 4.Bg2 O-O 5.Nf3 Nc6 6.O-O d5 7.cxd5 Nxd5 8.Nc3 Nb6
9.d5 Na5 10.Qc2 c6 11.dxc6 Nxc6 12.Rd1 Bd7 13.Bf4 Qc8 14.Rac1 Bf5 15.e4 Bg4
16.Nb5 e5 17.Be3 Rd8 18.Rxd8+ Qxd8 19.Rd1 Qc8 20.Nd6 Qc7 21.h3 Bxf3 22.Bxf3 Rd8
23.Nb5 Qb8 24.Qc5 Rxd1+ 25.Bxd1 Bf8 26.Qc1 Qd8 27.Qd2 Qxd2 28.Bxd2 a6 29.Nc3 Nc4
30.Bc1 Bb4 31.Be2 Bxc3 32.Bxc4 Bd4 33.a4 Nb4 34.Kg2 Kg7 35.f4 f6 36.Kf3 a5 37.h4
h6 38.b3 b6 39.Bd2 Bc5 40.Bc3 Nc6 41.Ke2 Bd4 42.Be1 Bc5 43.Bc3 Bd4 44.Bd2 Bc5
45.Bc1 Nd4+ 46.Kd3 Nf3 47.Ke2 Nd4+ 48.Kf1 Nc2 49.fxe5 fxe5 50.Ke2 Nd4+ 51.Kd3
Bb4 52.g4 Be7 53.h5 g5 54.Bd5 Kf6 55.Kc4 Nc2 56.Bb7 Ke6 57.Kb5 Bc5 58.Bc8+ Ke7
59.Bd2 Nb4 60.Kc4 Kf6 61.Bc3 Bd6 62.Kb5 Bc5 63.Bf5 Nd3 64.Kc6 Nb4+ 65.Kb5 Nd3
66.Kc4 Nb4 67.Bd7 Bd6 68.Be1 Bc5 69.Bd2 Ke7 70.Bc8 Kf6 71.Bf5 Ke7 72.Bxb4 Bxb4
73.Kd5 Bc3 74.Kc4 Bd4

[Event "1. Bundesliga 2010/2011"]
[Site "Graz"]
[Date "2011.01.21"]
[Round "5"]
[Board "3"]
[White "Kostic, Vladimir"]
[Black "Baramidze, David"]
[Result "0-1"]
[WhiteElo "2448"]
[BlackElo "2554"]
[PlyCount "66"]
[EventDate "2010.11.19"]
[EventType "team"]
[EventRounds "11"]
[EventCountry "AUT"]
[WhiteTeam "ASVOE VHS Poechlarn"]
[BlackTeam "SK Hohenems"]

1.Nf3 Nf6 2.c4 e6 3.g3 d5 4.Bg2 Be7 5.O-O O-O 6.d4 dxc4 7.Qa4 a6 8.Qxc4 b5 9.Qc2
Bb7 10.Rd1 Nbd7 11.Bg5 Rc8 12.Nc3 c5 13.Bxf6 Nxf6 14.dxc5 Qa5 15.Nd4 Bxg2
16.Kxg2 Bxc5 17.Nb3 Qb6 18.Nxc5 Rxc5 19.a3 Ng4 20.e4 f5 21.h3 Ne5 22.Rd4 f4
23.gxf4 Ng6 24.f5 exf5 25.Rad1 Nf4+ 26.Kf1 Qg6 27.Qb3+ Kh8 28.Ne2 Nxe2 29.Kxe2
fxe4 30.Qg3 Qh5+ 31.Qg4 Qf7 32.Qg3 Rf5 33.Ke1 Rxf2

[Event "1. Bundesliga 2010/2011"]
[Site "Graz"]
[Date "2011.01.21"]
[Round "5"]
[Board "4"]
[White "Atlas, Valery"]
[Black "Weinzettl, Ernst"]
[Result "1-0"]
[WhiteElo "2428"]
[BlackElo "2330"]
[PlyCount "49"]
[EventDate "2010.11.19"]
[EventType "team"]
[EventRounds "11"]
[EventCountry "AUT"]
[WhiteTeam "SK Hohenems"]
[BlackTeam "ASVOE VHS Poechlarn"]

1.e4 e6 2.d4 d5 3.Nc3 Nf6 4.e5 Nfd7 5.Nce2 c5 6.f4 Nc6 7.Nf3 Be7 8.c3 O-O 9.h4
cxd4 10.cxd4 f6 11.Rh3 Qb6 12.a3 a5 13.b3 a4 14.b4 Qc7 15.Neg1 fxe5 16.fxe5
Ncxe5 17.dxe5 Nxe5 18.Bb2 Ng6 19.Rc1 Qf4 20.g3 Qe4+ 21.Qe2 Qg4 22.h5 Bd6 23.hxg6
Bxg3+ 24.Kd1 Qxg6 25.Qc2

[Event "1. Bundesliga 2010/2011"]
[Site "Graz"]
[Date "2011.01.21"]
[Round "5"]
[Board "6"]
[White "Gaertner, Guntram"]
[Black "Mittermayr, Gerhard"]
[Result "1-0"]
[WhiteElo "2332"]
[BlackElo "2172"]
[PlyCount "81"]
[EventDate "2010.11.19"]
[EventType "team"]
[EventRounds "11"]
[EventCountry "AUT"]
[WhiteTeam "SK Hohenems"]
[BlackTeam "ASVOE VHS Poechlarn"]

1.d4 f5 2.c4 Nf6 3.Nc3 e6 4.Nf3 d5 5.Bf4 c6 6.e3 Bd6 7.Bxd6 Qxd6 8.Bd3 O-O 9.O-O
Bd7 10.Qb3 Bc8 11.Rac1 Kh8 12.Ne5 Ne4 13.Bxe4 fxe4 14.Qd1 Nd7 15.f4 exf3 16.Rxf3
Rxf3 17.Qxf3 Nxe5 18.dxe5 Qe7 19.Rf1 Bd7 20.Qf7 Qxf7 21.Rxf7 Rd8 22.c5 Kg8
23.Rf4 Rf8 24.Rxf8+ Kxf8 25.b4 Kf7 26.Ne2 Ke7 27.Kf2 Be8 28.h4 Kd7 29.Nf4 b6
30.Ke2 Bf7 31.Kd3 b5 32.Kc3 Ke7 33.Kd2 g6 34.Ke2 h6 35.Nh3 Kf8 36.Kf3 Kg7 37.Kf4
Be8 38.Nf2 h5 39.Kg5 Bf7 40.Nh3 Bg8 41.Nf4

[Event "1. Bundesliga 2010/2011"]
[Site "Graz"]
[Date "2011.01.21"]
[Round "5"]
[Board "1"]
[White "Prusikin, Michael"]
[Black "Bosiocic, Marin"]
[Result "1/2-1/2"]
[WhiteElo "2541"]
[BlackElo "2561"]
[PlyCount "62"]
[EventDate "2010.11.19"]
[EventType "team"]
[EventRounds "11"]
[EventCountry "AUT"]
[WhiteTeam "Wuestenrot SIR Salzburg"]
[BlackTeam "ASVOE Signum Siebdruck St.Veit"]

1.Nf3 c5 2.g3 Nc6 3.Bg2 g6 4.c4 Bg7 5.Nc3 d6 6.O-O e5 7.a3 Nge7 8.b4 e4 9.Ne1
Be6 10.Rb1 f5 11.Bb2 O-O 12.d3 Rb8 13.dxe4 Bxc4 14.Nd3 b6 15.Nf4 Qe8 16.exf5
Nxf5 17.Bd5+ Bxd5 18.Qxd5+ Rf7 19.Ne6 Bxc3 20.Bxc3 Ncd4 21.Bxd4 Nxd4 22.Nxd4
cxd4 23.Qxd4 Qxe2 24.Rbe1 Qa2 25.Re3 d5 26.Rd3 Rd8 27.Ra1 Qc2 28.Rd2 Qa4 29.h4
Re7 30.h5 gxh5 31.Kg2 Qe8

[Event "1. Bundesliga 2010/2011"]
[Site "Graz"]
[Date "2011.01.21"]
[Round "5"]
[Board "2"]
[White "Ribli, Zoltan"]
[Black "Drabke, Lorenz"]
[Result "1/2-1/2"]
[WhiteElo "2577"]
[BlackElo "2454"]
[PlyCount "71"]
[EventDate "2010.11.19"]
[EventType "team"]
[EventRounds "11"]
[EventCountry "AUT"]
[WhiteTeam "ASVOE Signum Siebdruck St.Veit"]
[BlackTeam "Wuestenrot SIR Salzburg"]

1.c4 e5 2.Nc3 d6 3.g3 f5 4.Bg2 Nf6 5.d3 Be7 6.e3 O-O 7.Nge2 c6 8.O-O Na6 9.b3
Be6 10.Bb2 Qd7 11.f4 Rae8 12.Qd2 Bd8 13.Rae1 exf4 14.Nxf4 Bf7 15.d4 Ba5 16.a3 d5
17.b4 Bc7 18.c5 Bxf4 19.exf4 Ne4 20.Qc2 Nxc3 21.Qxc3 Rxe1 22.Rxe1 Re8 23.Re5
Rxe5 24.dxe5 Qe6 25.h3 Nc7 26.Bf1 Bh5 27.Kf2 Kf7 28.Bd3 Bg6 29.Qc2 Kg8 30.g4
fxg4 31.f5 Qe7 32.Kg3 gxh3 33.fxg6 Qg5+ 34.Kxh3 Ne6 35.Bc1 Qh5+ 36.Kg2

[Event "1. Bundesliga 2010/2011"]
[Site "Graz"]
[Date "2011.01.21"]
[Round "5"]
[Board "3"]
[White "Geske, Julian"]
[Black "Hoelzl, Franz"]
[Result "0-1"]
[WhiteElo "2329"]
[BlackElo "2336"]
[PlyCount "164"]
[EventDate "2010.11.19"]
[EventType "team"]
[EventRounds "11"]
[EventCountry "AUT"]
[WhiteTeam "Wuestenrot SIR Salzburg"]
[BlackTeam "ASVOE Signum Siebdruck St.Veit"]

1.e4 c5 2.Nf3 d6 3.d4 cxd4 4.Nxd4 Nf6 5.Nc3 Nc6 6.Bc4 Na5 7.Bb5+ Bd7 8.Bxd7+
Qxd7 9.Bg5 Qg4 10.Nf3 Nc6 11.Qe2 h6 12.Bh4 g5 13.Bg3 Bg7 14.O-O O-O 15.Rfe1 Nh5
16.Nd5 Nxg3 17.hxg3 Rac8 18.Qd3 Rfd8 19.c3 e6 20.Ne3 Qh5 21.Qb5 Qg6 22.Rad1 Rc7
23.Nc4 Rcd7 24.e5 a6 25.Qa4 dxe5 26.Rxd7 Rxd7 27.Na5 b5 28.Qa3 Ne7 29.Qc5 e4
30.Ne5 Bxe5 31.Qxe5 Rd2 32.c4 Qf5 33.Qxf5 exf5 34.cxb5 axb5 35.g4 Rxb2 36.gxf5
Rxa2 37.Rxe4 Nxf5 38.Nc6 Rc2 39.Ne5 Kg7 40.Rb4 Rc5 41.Nd7 Rd5 42.Nb6 Rd1+ 43.Kh2
Nd6 44.Na8 Rc1 45.Nb6 Rc2 46.Kg3 Rc6 47.Nd5 Rc4 48.Rb2 Rd4 49.Nc7 b4 50.Na6 Ne4+
51.Kh2 b3 52.f3 Ra4 53.fxe4 Rxa6 54.Rxb3 Ra4 55.Re3 h5 56.Kg3 Kg6 57.Kf3 Ra2
58.Rb3 h4 59.Rb6+ Kg7 60.Rc6 Ra3+ 61.Kf2 g4 62.e5 Ra2+ 63.Kf1 Ra4 64.e6 f5
65.Rc7+ Kf6 66.Rh7 Rf4+ 67.Kg1 Kg5 68.e7 Re4 69.Kf2 Re5 70.Kf1 g3 71.Rg7+ Kh6
72.Rf7 Kg6 73.Rf8 Rxe7 74.Rg8+ Kf7 75.Rh8 Re4 76.Rh6 Kg7 77.Ra6 Rf4+ 78.Kg1 Rf2
79.Rb6 f4 80.Ra6 Rb2 81.Kf1 h3 82.gxh3 f3

[Event "1. Bundesliga 2010/2011"]
[Site "Graz"]
[Date "2011.01.21"]
[Round "5"]
[Board "4"]
[White "Mazi, Leon"]
[Black "Pitl, Gregory"]
[Result "1/2-1/2"]
[WhiteElo "2368"]
[BlackElo "2376"]
[PlyCount "65"]
[EventDate "2010.11.19"]
[EventType "team"]
[EventRounds "11"]
[EventCountry "AUT"]
[WhiteTeam "ASVOE Signum Siebdruck St.Veit"]
[BlackTeam "Wuestenrot SIR Salzburg"]

1.e4 c5 2.Nf3 d6 3.d4 cxd4 4.Nxd4 Nf6 5.Nc3 Nc6 6.Bg5 Bd7 7.Bxf6 gxf6 8.Nf5 Qa5
9.Qd5 Qxd5 10.Nxd5 O-O-O 11.Nfe3 Bg7 12.O-O-O e6 13.Nc3 Bh6 14.Rxd6 Ne5 15.Be2
Bc6 16.Rxd8+ Rxd8 17.Rd1 Rg8 18.g3 Bxe3+ 19.fxe3 Rg6 20.Rf1 a5 21.a3 Kc7 22.Kd2
Kd6 23.b4 b6 24.Rd1 Rh6 25.Ke1+ Kc7 26.h4 Rg6 27.Kf2 Rg8 28.b5 Bb7 29.Rd4 Ba8
30.Na4 Bb7 31.Nc3 Ba8 32.Na4 Bb7 33.Nc3

[Event "1. Bundesliga 2010/2011"]
[Site "Graz"]
[Date "2011.01.21"]
[Round "5"]
[Board "5"]
[White "Lickleder, Andreas"]
[Black "Kaspret, Guido"]
[Result "1/2-1/2"]
[WhiteElo "2235"]
[BlackElo "2291"]
[PlyCount "145"]
[EventDate "2010.11.19"]
[EventType "team"]
[EventRounds "11"]
[EventCountry "AUT"]
[WhiteTeam "Wuestenrot SIR Salzburg"]
[BlackTeam "ASVOE Signum Siebdruck St.Veit"]

1.e4 c5 2.Nf3 e6 3.b3 Nc6 4.Bb2 Nf6 5.e5 Nd5 6.g3 Nde7 7.Bg2 Nf5 8.O-O d5 9.exd6
Bxd6 10.d4 cxd4 11.Nxd4 Ncxd4 12.Bxd4 Bxg3 13.hxg3 Qxd4 14.Na3 Qc5 15.Nc4 O-O
16.Re1 Rb8 17.Qd2 b5 18.Ne3 Nxe3 19.Rxe3 Bb7 20.Rd1 Bxg2 21.Kxg2 Qc6+ 22.Kg1 Qa6
23.c3 Rbc8 24.Rd3 Qa5 25.b4 Qa6 26.Rd7 Qb6 27.Qd4 Qxd4 28.R1xd4 a5 29.bxa5 Ra8
30.a4 Rxa5 31.axb5 Rxb5 32.Rc7 h5 33.c4 Rf5 34.c5 Ra8 35.Rd2 Ra1+ 36.Kg2 Rc1
37.c6 Kh7 38.Rc8 Kg6 39.c7 Rfc5 40.Rd7 R1c2 41.Rf8 Rxc7 42.Rfxf7 Rxd7 43.Rxd7 e5
44.Kf3 Kf6 45.Rd8 Rc3+ 46.Ke4 Rc4+ 47.Ke3 Kf5 48.Rf8+ Kg4 49.Ke2 Rc6 50.Re8 Kf5
51.Rf8+ Rf6 52.Re8 Re6 53.Rg8 g6 54.Kf3 e4+ 55.Ke3 Kg4 56.Rf8 Kh3 57.Rf7 Kg2
58.Rf8 g5 59.Rf5 Rg6 60.Kxe4 h4 61.gxh4 gxh4 62.Rh5 h3 63.f4 h2 64.f5 Ra6
65.Rg5+ Kh3 66.Rh5+ Kg3 67.Ke5 Ra4 68.Rxh2 Kxh2 69.f6 Kg3 70.f7 Rf4 71.Ke6 Kg4
72.Ke7 Rxf7+ 73.Kxf7

[Event "1. Bundesliga 2010/2011"]
[Site "Graz"]
[Date "2011.01.21"]
[Round "5"]
[Board "6"]
[White "Hebesberger, Thomas"]
[Black "Endthaler, Arnold"]
[Result "1-0"]
[WhiteElo "2336"]
[BlackElo "2050"]
[PlyCount "60"]
[EventDate "2010.11.19"]
[EventType "team"]
[EventRounds "11"]
[EventCountry "AUT"]
[WhiteTeam "ASVOE Signum Siebdruck St.Veit"]
[BlackTeam "Wuestenrot SIR Salzburg"]

1.c4 Nf6 2.Nc3 g6 3.e4 d6 4.d4 Bg7 5.Bd3 O-O 6.Nge2 e5 7.d5 Nh5 8.O-O f5 9.exf5
gxf5 10.f4 e4 11.Bc2 c5 12.dxc6 bxc6 13.Be3 Nf6 14.Qd2 Qe7 15.Rfd1 Rd8 16.h3 Kh8
17.Rac1 Ne8 18.Ba4 Qb7 19.Bd4 Nf6 20.Be5 Be6 21.c5 d5 22.Nd4 Bd7 23.Nce2 Nh5
24.Rf1 Rf8 25.Rc3 Qc8 26.Ng3 Nxg3 27.Rxg3 Rg8 28.Qc3 Bxe5 29.fxe5 Rg6 30.e6 Rg8

[Event "1. Bundesliga 2010/2011"]
[Site "Graz"]
[Date "2011.01.21"]
[Round "5"]
[Board "1"]
[White "Varga, Zoltan"]
[Black "Kraemer, Martin"]
[Result "1-0"]
[WhiteElo "2437"]
[BlackElo "2506"]
[PlyCount "57"]
[EventDate "2010.11.19"]
[EventType "team"]
[EventRounds "11"]
[EventCountry "AUT"]
[WhiteTeam "ASVOE SK Lackenbach"]
[BlackTeam "ASVOE Wulkaprodersdorf"]

1.e4 c5 2.Nf3 d6 3.d4 cxd4 4.Nxd4 Nf6 5.f3 e5 6.Nb3 Be7 7.c4 a5 8.Be3 O-O 9.Nc3
Be6 10.Be2 a4 11.Nd2 Qa5 12.O-O Rc8 13.Rb1 Nbd7 14.Kh1 h6 15.Nb5 Ne8 16.b4 axb3
17.axb3 Qb4 18.f4 exf4 19.Bxf4 Nc5 20.Qc2 Bg5 21.Bxg5 hxg5 22.Nf3 f6 23.Nfd4 Bd7
24.Bh5 Na6 25.Qd1 Nac7 26.Bg6 Nxb5 27.Nxb5 Rc5 28.Nxd6 Re5 29.Nf7

[Event "1. Bundesliga 2010/2011"]
[Site "Graz"]
[Date "2011.01.21"]
[Round "5"]
[Board "2"]
[White "Polzin, Rainer"]
[Black "Vavrak, Peter"]
[Result "1/2-1/2"]
[WhiteElo "2494"]
[BlackElo "2466"]
[PlyCount "164"]
[EventDate "2010.11.19"]
[EventType "team"]
[EventRounds "11"]
[EventCountry "AUT"]
[WhiteTeam "ASVOE Wulkaprodersdorf"]
[BlackTeam "ASVOE SK Lackenbach"]

1.e4 e6 2.d4 d5 3.Nc3 Bb4 4.e5 c5 5.a3 Ba5 6.b4 cxd4 7.Nb5 Bc7 8.f4 Bd7 9.Nf3
Bxb5 10.Bxb5+ Nd7 11.O-O Ne7 12.Nxd4 a6 13.Bd3 Bb6 14.Be3 Nc6 15.c3 g6 16.Qd2
Nxd4 17.cxd4 Qb8 18.a4 Qa7 19.Qf2 f5 20.a5 Bd8 21.b5 b6 22.bxa6 bxa5 23.Rab1 Rb8
24.Qc2 Kf7 25.Rxb8 Nxb8 26.Qc8 Rf8 27.Bb5 Bb6 28.Qb7+ Qxb7 29.axb7 Kg7 30.Rb1
Rf7 31.Bc6 Ba7 32.Ba4 Rc7 33.Rb5 Kf7 34.Kf1 Ke7 35.Bd2 Nc6 36.Rb1 Bb8 37.Rc1 Nb4
38.Rxc7+ Bxc7 39.Be1 Na6 40.Bb5 Nb8 41.Bh4+ Kf7 42.Ke2 Bb6 43.Kd3 Bc7 44.Kc2 Bb6
45.Kc3 h6 46.h3 Kf8 47.Bf6 Kf7 48.g4 fxg4 49.hxg4 Kf8 50.Kd3 Kf7 51.Bh4 Bc7
52.Kd2 Bb6 53.Ke3 Bc7 54.Kd3 Bb6 55.Bg3 Ke7 56.Bh4+ Kf7 57.Be1 Ke7 58.Bd2 h5
59.gxh5 gxh5 60.Be1 Bc7 61.Bh4+ Kf7 62.Ke2 Bb6 63.Ke3 Bc7 64.Be1 Bd8 65.Kf3 Bb6
66.Bc3 Bd8 67.Bb2 Bb6 68.Ba3 Bxd4 69.Bd6 Ba7 70.Kg3 Kg6 71.Bd3+ Kf7 72.Bb5 Kg6
73.Bd3+ Kf7 74.Kh4 Nc6 75.Kxh5 a4 76.Bg6+ Kg7 77.Be8 Na5 78.Bxa4 Nxb7 79.Bd7
Nxd6 80.exd6 Bc5 81.Bxe6 Bxd6 82.Bxd5 Bxf4

[Event "1. Bundesliga 2010/2011"]
[Site "Graz"]
[Date "2011.01.21"]
[Round "5"]
[Board "4"]
[White "Berczes, David"]
[Black "Hagara, Eduard"]
[Result "0-1"]
[WhiteElo "2535"]
[BlackElo "2407"]
[PlyCount "80"]
[EventDate "2010.11.19"]
[EventType "team"]
[EventRounds "11"]
[EventCountry "AUT"]
[WhiteTeam "ASVOE Wulkaprodersdorf"]
[BlackTeam "ASVOE SK Lackenbach"]

1.d4 Nf6 2.c4 g6 3.Nc3 Bg7 4.e4 d6 5.Bd3 O-O 6.Nge2 Nc6 7.O-O e5 8.d5 Nd4 9.Nxd4
exd4 10.Ne2 Re8 11.f3 c5 12.Bg5 h6 13.Bh4 a6 14.Qc2 b5 15.b3 Qb6 16.a4 Bd7 17.a5
Qc7 18.Bxf6 Bxf6 19.f4 Bg7 20.Ng3 bxc4 21.bxc4 Rab8 22.Qd2 Qd8 23.Rae1 Qh4 24.e5
dxe5 25.f5 gxf5 26.Bxf5 Bxf5 27.Nxf5 Qg5 28.Qc2 Bf8 29.Rf3 Kh8 30.Rg3 Qf6 31.Qe4
Rb4 32.Rf1 Rxc4 33.Qg4 Qg6 34.Qe2 d3 35.Qd1 Qf6 36.Qxd3 Rf4 37.Rxf4 exf4 38.Rf3
c4 39.Qb1 Bc5+ 40.Kf1 Qe5

[Event "1. Bundesliga 2010/2011"]
[Site "Graz"]
[Date "2011.01.21"]
[Round "5"]
[Board "5"]
[White "Vass, Frantisek"]
[Black "Prohaszka, Peter"]
[Result "1/2-1/2"]
[WhiteElo "2317"]
[BlackElo "2545"]
[PlyCount "81"]
[EventDate "2010.11.19"]
[EventType "team"]
[EventRounds "11"]
[EventCountry "AUT"]
[WhiteTeam "ASVOE SK Lackenbach"]
[BlackTeam "ASVOE Wulkaprodersdorf"]

1.d4 d5 2.Nf3 Nf6 3.c4 c6 4.e3 e6 5.Nc3 Nbd7 6.Qc2 Bd6 7.Bd3 O-O 8.b3 Re8 9.Bb2
Qe7 10.Ne2 dxc4 11.bxc4 e5 12.dxe5 Nxe5 13.Nxe5 Bxe5 14.Bxe5 Qxe5 15.O-O c5
16.Rab1 b6 17.a4 Bd7 18.h3 Bc6 19.Nc3 Rad8 20.Rbd1 g6 21.Rfe1 Rd7 22.e4 Nh5
23.Nd5 Nf4 24.Bf1 Ne6 25.Qa2 h5 26.a5 bxa5 27.Qxa5 Rb8 28.Qa6 Bb7 29.Qxa7 Kg7
30.Nb6 Rxd1 31.Rxd1 Bc6 32.Nd7 Bxd7 33.Rxd7 Rf8 34.Qb7 h4 35.Qd5 Kf6 36.Be2 Qa1+
37.Kh2 Qe5+ 38.Qxe5+ Kxe5 39.Rd5+ Kxe4 40.Bf3+ Kf4 41.Rd7

[Event "1. Bundesliga 2010/2011"]
[Site "Graz"]
[Date "2011.01.21"]
[Round "5"]
[Board "6"]
[White "Thiede, Lars"]
[Black "Stranz, Richard"]
[Result "1-0"]
[WhiteElo "2445"]
[BlackElo "2219"]
[PlyCount "68"]
[EventDate "2010.11.19"]
[EventType "team"]
[EventRounds "11"]
[EventCountry "AUT"]
[WhiteTeam "ASVOE Wulkaprodersdorf"]
[BlackTeam "ASVOE SK Lackenbach"]

1.c4 c6 2.g3 d5 3.Bg2 Nf6 4.Nf3 dxc4 5.O-O Nbd7 6.Na3 Nb6 7.Qc2 Qd5 8.Ne1 Qf5
9.e4 Qh5 10.Nxc4 e5 11.Ne3 Ng4 12.Nxg4 Bxg4 13.Nd3 Rd8 14.Re1 Bd6 15.b4 O-O
16.Nc5 Bc8 17.Bb2 Nd7 18.a3 Bc7 19.Nb3 Bb8 20.Rad1 Rfe8 21.d4 exd4 22.Nxd4 Nf8
23.Qc3 Be5 24.f4 Bg4 25.Rd2 Bf6 26.e5 Be7 27.Rf2 Ne6 28.Nc2 Bf8 29.Ne3 g6 30.h3
Bxh3 31.Bf3 Qh6 32.Rh2 Bg7 33.Ng4 Bxg4 34.Bxg4 Ra8

[Event "1. Bundesliga 2010/2011"]
[Site "Graz"]
[Date "2011.01.21"]
[Round "5"]
[Board "2"]
[White "Buhmann, Rainer"]
[Black "Nanu, Ciprian Costica"]
[Result "1/2-1/2"]
[WhiteElo "2590"]
[BlackElo "2515"]
[PlyCount "81"]
[EventDate "2010.11.19"]
[EventType "team"]
[EventRounds "11"]
[EventCountry "AUT"]
[WhiteTeam "SK MPOE Maria Saal"]
[BlackTeam "Styria Graz"]

1.Nf3 d5 2.d4 c5 3.c4 cxd4 4.cxd5 Nf6 5.Qxd4 Qxd5 6.Nc3 Qxd4 7.Nxd4 e5 8.Ndb5
Na6 9.Bg5 Be6 10.g3 O-O-O 11.Nxa7+ Kb8 12.Nab5 Nb4 13.Rc1 Nxa2 14.Nxa2 Bxa2
15.Bg2 Bb4+ 16.Nc3 h6 17.Be3 Nd5 18.Bc5 Bxc5 19.Nxa2 Bb6 20.e3 f5 21.Ke2 Nf6
22.Nc3 e4 23.Rhd1 h5 24.h3 Bc7 25.Rxd8+ Rxd8 26.Rd1 Rxd1 27.Kxd1 Be5 28.Bf1 Kc7
29.Bc4 Kd6 30.Bf7 g5 31.Kc2 f4 32.exf4 gxf4 33.gxf4 Bxf4 34.Ne2 Be5 35.Ng3 Kc5
36.Nxh5 Nxh5 37.Bxh5 Bd4 38.f3 exf3 39.Bxf3 b6 40.h4 Kd6 41.h5

[Event "1. Bundesliga 2010/2011"]
[Site "Graz"]
[Date "2011.01.21"]
[Round "5"]
[Board "3"]
[White "Moser, Eva"]
[Black "Kreisl, Robert"]
[Result "1/2-1/2"]
[WhiteElo "2425"]
[BlackElo "2394"]
[PlyCount "72"]
[EventDate "2010.11.19"]
[EventType "team"]
[EventRounds "11"]
[EventCountry "AUT"]
[WhiteTeam "Styria Graz"]
[BlackTeam "SK MPOE Maria Saal"]

1.c4 e6 2.Nf3 d5 3.b3 Nf6 4.Bb2 Be7 5.g3 O-O 6.Bg2 c5 7.O-O Nc6 8.e3 b6 9.Qe2
Bb7 10.Rd1 dxc4 11.bxc4 Qc7 12.Nc3 a6 13.Rab1 Rab8 14.d3 Rfd8 15.Ba1 Na7 16.a4
Nc6 17.Na2 Nd7 18.Rbc1 Bf6 19.Nc3 Na5 20.Rb1 Rbc8 21.Nd2 Bxg2 22.Kxg2 Nc6
23.Nde4 Be7 24.Qb2 f6 25.f4 Nb4 26.Qe2 Qc6 27.Kg1 f5 28.Nd2 Bf6 29.Nf3 Nb8 30.e4
Qe8 31.e5 Be7 32.Rd2 N8c6 33.Nd1 Na5 34.Nc3 Nac6 35.Nd1 Na5 36.Nc3 Nac6